| 000 | 01074nam a2200253Ia 4500 | ||
|---|---|---|---|
| 003 | OSt | ||
| 005 | 20220923220415.0 | ||
| 006 | a|||||r|||| 00| 0 | ||
| 007 | ta | ||
| 008 | 220922b |||||||| |||| 00| 0 hin d | ||
| 024 | _a186,420 | ||
| 037 | _cTextual | ||
| 040 |
_aARTS _cARTS _bhin |
||
| 041 |
_2hin _ahin |
||
| 082 | _aY:45.2, 152N0 | ||
| 100 |
_aभट्टाचार्य, एस के; भारद्वाज, महावीर प्रसाद, अनु. _9164175 |
||
| 245 | 0 |
_aसमाज रक्षा _b भारतीय परिप्रेक्ष्य मंे |
|
| 246 | _aSamāj rakṣhā: bhāratīya pariprekṣhya hine | ||
| 260 |
_aनई दिल्ली _b राधाकृष्ण प्रकाशन _c1990 |
||
| 300 |
_a204 पृ. _ccm. |
||
| 650 | _aभारतीय-लोक साहित्य | ||
| 942 |
_hY:45.2, 152N0 _cTEXL _2CC |
||
| 999 |
_c339664 _d339664 |
||